Name the flags, Medium - Statistics

General Stats
  • This quiz has been taken 12 times
  • The average score is 13 of 16
Answer Stats
Picture Answer % Correct
Jamaica
100%
Nigeria
100%
Afghanistan
90%
Argentina
90%
libya
90%
Austria
80%
Bangladesh
80%
Ethiopia
80%
Malaysia
80%
Norway
80%
Romania
80%
Senegal
80%
Syria
80%
Angola
70%
Guatemala
70%
Papua new guinea
70%
No matching quizzes found
Score Distribution
Percent of People with Each Score
Percentile by Number Answered
Your Score History
You have not taken this quiz